00357nam a2200133Ia 4500008004000000041000800040082001200048100001600060245003500076260006900111650001600180650001300196650001400209210210b1905 xxu||||| |||| 00| 0 eng d aeng a825/807 aSMITH (N C) aWordsworths literary criticism aLondonbHenry Frowde Publisher to the University of Oxfordc1905 aWordsworths aliterary acriticism